000 00695nam a2200229Ii 4500
003 JO-AjNU
008 230605s9999||||xx |||||||||||||| ||und||
017 _a2012/7/2683
020 _a978-9957-07-994-9
040 _aJO-AjNU
_bara
_erda
_cJO-AjNU
041 _aara
050 1 4 _aBF408.2013
100 3 _aالتل، سهير ممدوح,
_eauthor
_943049
245 0 0 _aالابداع=Creativity
250 _aط1
264 3 1 _aعمان:دار الفكر ناشرون وموزعون ، 2013
300 _a238ص
336 _atext
_btxt
_2rdacontent
337 _aunmediated
_bn
_2rdamedia
338 _avolume
_bnc
_2rdacarrier
650 4 _aالابداعية-طرق التعلم
_943050
999 _aA18479
_c22047
_d22047